Estructura atómica: un enfoque químico

保存先:
書誌詳細
主要な著者: Cruz-Garritz, Diana (著者), Chamizo, José A (著者), Garritz Ruiz, Andoni (著者)
フォーマット: 図書
言語:スペイン語
出版事項: Ciudad de México Fondo Educativo Interamericano 1986
主題:
タグ: タグ追加
タグなし, このレコードへの初めてのタグを付けませんか!

MARC

LEADER 00000nam a2200000 a 4500
001 UCJ2514
003 CL-VaPUC
008 061222e19860000MX |||||||||||||||||spa|d
020 |a 9686630872 
082 0 4 |a 547.1  |b CRU  |2 21 
100 0 |a Cruz-Garritz, Diana  |e author  |9 503463 
700 0 |a Chamizo, José A  |e author  |9 503464 
700 |a Garritz Ruiz, Andoni  |e author  |9 543020 
245 1 0 |a Estructura atómica: un enfoque químico 
300 |a 820 p 
942 |c BK 
945 |d 20061222 00:00:00  |a jtorresc 
260 |a Ciudad de México  |b Fondo Educativo Interamericano  |c 1986 
650 0 |a Química física  |9 260596 
650 0 |a Estructura atómica   |9 259944 
650 0 |a Estructura molecular  |9 306892 
650 0 |a Moléculas   |9 259584 
650 0 |a Átomos  |9 259583 
650 0 |a Estados de la Materia  |9 347141 
583 |a last modification  |c 20061222 00:00:00  |k Rodrigo Vera 
999 |c 318748  |d 318746 
952 |0 0  |1 0  |4 0  |6 547_100000000000000_CRU_1986  |7 0  |8 A  |9 396792  |a BIBCUR  |b BIBCUR  |d 2019-11-22  |i 4309219  |o 547.1 CRU 1986  |p 4309219  |r 2025-04-22  |w 2019-11-22  |y BK  |k FIS